[Event "BLR-ch (Women)"]
[Site "Minsk"]
[Date "2005.03.20"]
[Round "10"]
[White "Martynuk, Tatiana"]
[Black "Kasparova, Tatiana"]
[Result "0-1"]
[WhiteElo "2187"]
[BlackElo "2204"]
[PlyCount "142"]
[EventDate "2005.03.11"]
[EventType "tourn"]
[EventRounds "11"]
[EventCountry "BLR"]
[SourceTitle "CBM 105 Extra"]
[Source "ChessBase"]
[SourceDate "2005.05.01"]
[SourceVersion "1"]
[SourceVersionDate "2005.05.01"]
[SourceQuality "1"]

1. e4 g6 2. f4 Bg7 3. Nf3 d6 4. Bc4 e6 5. Qe2 Ne7 6. Nc3 0-0 7. Bb3 c5 8. d3 Nbc6 9. Qf2 b6 10. g4 Na5 11. f5 Nxb3 12. axb3 exf5 13. gxf5 gxf5 14. Bg5 f6 15. Bd2 fxe4 16. dxe4 Be6 17. Rg1 Kh8 18. 0-0-0 Rg8 19. Nh4 Qf8 20. Qf4 Rd8 21. Kb1 Qf7 22. Bc1 d5 23. exd5 Bxd5 24. Rde1 Bf8 25. Rxg8+ Nxg8 26. Nf5 Be6 27. Ne4 Bxf5 28. Qxf5 Qg6 29. Qf3 Re8 30. Re2 h6 31. h4 f5 32. h5 Qg4 33. Qxg4 fxg4 34. Re3 Bg7 35. c3 Re5 36. Kc2 Rxh5 37. Nd6 Kh7 38. Nc8 Be5 39. Re1 g3 40. Nxa7 Rf5 41. Rg1 h5 42. Nc6 h4 43. Nxe5 Rxe5 44. Bf4 Rf5 45. Bxg3 hxg3 46. Rxg3 Ne7 47. Re3 Nd5 48. Re6 Rf6 49. Re8 Kg7 50. Kd3 Kf7 51. Rb8 Ke7 52. Ke4 Nc7 53. b4 cxb4 54. cxb4 Kd7 55. Kd3 Na6 56. Rh8 Kc6 57. Kc4 b5+ 58. Kc3 Rf3+ 59. Kd4 Rf4+ 60. Kc3 Rc4+ 61. Kb3 Rxb4+ 62. Kc3 Rc4+ 63. Kd2 Kc5 64. b3 Rg4 65. Kc3 Rg3+ 66. Kb2 Nb4 67. Rc8+ Nc6 68. Rh8 Nd4 69. Rh5+ Kb4 70. Rh4 Rxb3+ 71. Ka2 Rd3 0-1

[Event "BLR-ch (Women)"]
[Site "Minsk"]
[Date "2005.03.17"]
[Round "7"]
[White "Polivoda, Nadeja"]
[Black "Martynuk, Tatiana"]
[Result "1/2-1/2"]
[WhiteElo "2226"]
[BlackElo "2187"]
[PlyCount "63"]
[EventDate "2005.03.11"]
[EventType "tourn"]
[EventRounds "11"]
[EventCountry "BLR"]
[SourceTitle "CBM 105 Extra"]
[Source "ChessBase"]
[SourceDate "2005.05.01"]
[SourceVersion "1"]
[SourceVersionDate "2005.05.01"]
[SourceQuality "1"]

1. e4 e5 2. Nf3 Nc6 3. d4 exd4 4. Bc4 Nf6 5. e5 d5 6. Bb5 Ne4 7. Nxd4 Bd7 8. Bxc6 bxc6 9. 0-0 Be7 10. f3 Nc5 11. f4 Ne4 12. f5 c5 13. Ne2 Bc6 14. Nbc3 Nxc3 15. bxc3 d4 16. c4 Qd7 17. Qd3 Bb7 18. Nf4 0-0-0 19. Rb1 Qa4 20. Bd2 Bg5 21. Rb5 Ba6 22. Ra5 Qc6 23. Qa3 Bb7 24. Rxc5 Be7 25. Bb4 Bxc5 26. Bxc5 Qe4 27. e6 fxe6 28. fxe6 g5 29. Nd5 Rxd5 30. cxd5 Bxd5 31. Qf3 Qxe6 32. Qf5 1/2-1/2

[Event "St Petersburg (Women)"]
[Site "St Petersburg"]
[Date "2005.02.03"]
[Round "8"]
[White "Martynuk, Tatiana"]
[Black "Kirillova, Varvara"]
[Result "1-0"]
[WhiteElo "2187"]
[BlackElo "2266"]
[PlyCount "65"]
[EventDate "2005.01.27"]
[EventType "tourn"]
[EventRounds "9"]
[EventCountry "RUS"]
[EventCategory "3"]
[SourceTitle "CBM 104 Extra"]
[Source "ChessBase"]
[SourceDate "2005.03.01"]
[SourceVersion "1"]
[SourceVersionDate "2005.03.01"]
[SourceQuality "1"]

1. e4 c5 2. Nc3 Nc6 3. f4 g6 4. Nf3 Bg7 5. Bc4 d6 6. 0-0 Nf6 7. d3 0-0 8. Qe1 Nd4 9. Nxd4 cxd4 10. Ne2 d5 11. exd5 Nxd5 12. Ng3 e6 13. Ne4 h6 14. Rf3 b6 15. Bd2 f5 16. Nf2 Re8 17. Nh3 Bb7 18. Bb3 a6 19. Rf2 Qd6 20. Re2 Qc6 21. Qh4 b5 22. Kh1 Kf7 23. Ng1 Bf6 24. Qg3 h5 25. Nf3 h4 26. Nxh4 Bxh4 27. Qxh4 Rh8 28. Qg3 Rh5 29. h3 Rah8 30. Kh2 Qd6 31. Rae1 Re8 32. Re5 Bc8 33. Bxd5 1-0

[Event "St Petersburg (Women)"]
[Site "St Petersburg"]
[Date "2005.01.30"]
[Round "4"]
[White "Korbut, Ekaterina"]
[Black "Martynuk, Tatiana"]
[Result "1-0"]
[WhiteElo "2417"]
[BlackElo "2187"]
[PlyCount "115"]
[EventDate "2005.01.27"]
[EventType "tourn"]
[EventRounds "9"]
[EventCountry "RUS"]
[EventCategory "3"]
[SourceTitle "CBM 104 Extra"]
[Source "ChessBase"]
[SourceDate "2005.03.01"]
[SourceVersion "1"]
[SourceVersionDate "2005.03.01"]
[SourceQuality "1"]

1. e4 e5 2. Nf3 Nc6 3. Bb5 a6 4. Ba4 Nf6 5. 0-0 b5 6. Bb3 Bb7 7. c3 Be7 8. Re1 0-0 9. d4 d6 10. Nbd2 Re8 11. a3 Bf8 12. Ba2 h6 13. Qc2 Nh5 14. Nf1 Qf6 15. Ne3 Nf4 16. Nd5 Nxd5 17. exd5 Na5 18. dxe5 dxe5 19. Qe4 c6 20. Nxe5 cxd5 21. Qf4 Qe6 22. Qe3 Bd6 23. Nf3 Qd7 24. Qd3 Re4 25. Be3 Nc4 26. b3 Nxe3 27. Rxe3 Rae8 28. b4 Qf5 29. Rae1 Bf4 30. Rxe4 dxe4 31. Qd4 e3 32. Bb1 Qg4 33. h3 exf2+ 34. Qxf2 Qd7 35. Nd4 Be5 36. Kf1 Bd5 37. Bd3 Qc7 38. Nf3 Bxf3 39. Qxf3 Re6 40. Qa8+ Qb8 41. Qxb8+ Bxb8 42. Rxe6 fxe6 43. Ke2 Be5 44. Kd2 Kf7 45. Be4 Ke7 46. Bb7 Kd6 47. Bxa6 Kc6 48. Kc2 Bf4 49. Bc8 e5 50. Bf5 Kd5 51. Bd7 Ke4 52. Bxb5 Ke3 53. a4 e4 54. Bc6 Bb8 55. a5 Kf4 56. b5 e3 57. b6 Kg3 58. Bf3 1-0

[Event "St Petersburg (Women)"]
[Site "St Petersburg"]
[Date "2005.01.28"]
[Round "2"]
[White "Shadrina, Tatiana"]
[Black "Martynuk, Tatiana"]
[Result "1-0"]
[WhiteElo "2396"]
[BlackElo "2187"]
[PlyCount "67"]
[EventDate "2005.01.27"]
[EventType "tourn"]
[EventRounds "9"]
[EventCountry "RUS"]
[EventCategory "3"]
[SourceTitle "CBM 104 Extra"]
[Source "ChessBase"]
[SourceDate "2005.03.01"]
[SourceVersion "1"]
[SourceVersionDate "2005.03.01"]
[SourceQuality "1"]

1. d4 d5 2. c4 e6 3. Nf3 f5 4. Nc3 Nf6 5. Bf4 c6 6. e3 Be7 7. Qc2 Ne4 8. g4 fxg4 9. Nxe4 gxf3 10. Nd2 Qa5 11. a3 Nd7 12. 0-0-0 c5 13. Bd3 cxd4 14. Bxh7 Bxa3 15. Bg6+ Kf8 16. bxa3 Qxa3+ 17. Qb2 Qxb2+ 18. Kxb2 e5 19. Bg5 dxe3 20. fxe3 a5 21. cxd5 Ra6 22. Bc2 Nf6 23. Nxf3 Bg4 24. Rdf1 Rb6+ 25. Kc1 Bh3 26. Rf2 Ng4 27. Rd2 Rd6 28. Rg1 g6 29. Rxg4 Bxg4 30. Nxe5 Bf5 31. e4 Bh3 32. Rf2+ Kg7 33. Nf7 Rf8 34. Bh6+ 1-0

[Event "BLR-ch (Women) 48th"]
[Site "Minsk"]
[Date "2004.02.25"]
[Round "6"]
[White "Martynuk, Tatiana"]
[Black "Polivoda, Nadeja"]
[Result "1/2-1/2"]
[WhiteElo "2187"]
[BlackElo "2187"]
[PlyCount "134"]
[EventDate "2004.02.20"]
[EventType "tourn"]
[EventRounds "11"]
[EventCountry "BLR"]
[SourceTitle "EXT 2005"]
[Source "ChessBase"]
[SourceDate "2004.11.15"]
[SourceVersion "1"]
[SourceVersionDate "2004.11.15"]
[SourceQuality "1"]

1. Nf3 f5 2. d4 Nf6 3. c4 g6 4. Nc3 Bg7 5. g3 d6 6. Bg2 0-0 7. Bg5 c6 8. Qc1 Qb6 9. 0-0 Re8 10. Bh6 Bh8 11. c5 Qa5 12. Nh4 dxc5 13. Qg5 Kf7 14. dxc5 Qxc5 15. e4 Na6 16. exf5 Bxf5 17. Nf3 e5 18. Qh4 Qb4 19. Ng5+ Kg8 20. Nce4 Bxe4 21. Bxe4 Bg7 22. a3 Qe7 23. Bxg7 Kxg7 24. Rad1 h6 25. Nf3 Nc5 26. Bc2 e4 27. Nd4 Rad8 28. Rfe1 Qe5 29. f4 Qe7 30. Qh3 Qc7 31. b4 Nd3 32. Bxd3 Rxd4 33. Bc2 Rxd1 34. Rxd1 e3 35. Re1 e2 36. Qg2 Qe7 37. Qf3 a5 38. Qd3 Qe3+ 39. Kg2 Qxd3 40. Bxd3 Re3 41. Bxe2 Rxa3 42. Bc4 Ng4 43. Re7+ Kf8 44. Rf7+ Ke8 45. Be6 Re3 46. Rxb7 Rxe6 47. bxa5 c5 48. h3 Ne3+ 49. Kf3 Nf5 50. Rc7 Nd4+ 51. Kf2 Rc6 52. Rb7 c4 53. Ke3 c3 54. Rb6 Rc8 55. Rxg6 Rc4 56. Kd3 c2 57. Kxc4 c1Q+ 58. Kxd4 Qa1+ 59. Kd5 Qxa5+ 60. Ke4 Qe1+ 61. Kf5 Qb1+ 62. Kf6 Qb2+ 63. Ke6 Qb6+ 64. Kf5 Qc5+ 65. Kg4 Qc8+ 66. Kh4 Qd8+ 67. Kh5 Kf7 1/2-1/2

[Event "BLR-ch (Women)"]
[Site "Minsk"]
[Date "2003.??.??"]
[Round "1"]
[White "Martynuk, Tatiana"]
[Black "Popova, Natalija"]
[Result "1/2-1/2"]
[WhiteElo "2198"]
[BlackElo "2251"]
[PlyCount "109"]
[EventDate "2003.03.29"]
[EventType "tourn"]
[EventRounds "11"]
[EventCountry "BLR"]
[SourceTitle "EXT 2006"]
[Source "ChessBase"]
[SourceDate "2005.11.24"]
[SourceVersion "1"]
[SourceVersionDate "2005.11.24"]
[SourceQuality "1"]

1. e4 c5 2. Nf3 Nc6 3. g3 d6 4. Bg2 Nf6 5. d3 g6 6. 0-0 Bg7 7. Nc3 0-0 8. h3 Rb8 9. Be3 b6 10. Qd2 Re8 11. Nh4 e5 12. f4 Nh5 13. Qf2 exf4 14. gxf4 Nd4 15. Nf3 Nxf3+ 16. Qxf3 Qh4 17. Ne2 f5 18. Bf2 Qe7 19. Ng3 Nxg3 20. Qxg3 Bxb2 21. Rab1 Bg7 22. exf5 Bxf5 23. Bc6 Rf8 24. Rbe1 Qf6 25. Re2 Kh8 26. Rfe1 Rbd8 27. Qf3 Bd7 28. Bxd7 Rxd7 29. Qc6 Rdf7 30. Bg3 Qf5 31. Kg2 d5 32. Re6 c4 33. Rd6 cxd3 34. Rxd5 Qc8 35. Qxc8 Rxc8 36. cxd3 Rc2+ 37. Kf3 Rxa2 38. Re8+ Rf8 39. Rdd8 Kg8 40. Rxf8+ Bxf8 41. f5 Kf7 42. f6 b5 43. Be5 h6 44. d4 g5 45. d5 b4 46. Rd7+ Kg6 47. d6 Rd2 48. Ke3 Rd1 49. Rxa7 Bxd6 50. Rg7+ Kf5 51. Bxd6 Rxd6 52. Rb7 Kxf6 53. Rxb4 Ra6 54. h4 gxh4 55. Rxh4 1/2-1/2

[Event "BLR-ch (Women)"]
[Site "Minsk"]
[Date "2003.??.??"]
[Round "5"]
[White "Martynuk, Tatiana"]
[Black "Volchek, Nastia"]
[Result "1/2-1/2"]
[WhiteElo "2198"]
[BlackElo "2152"]
[PlyCount "115"]
[EventDate "2003.03.29"]
[EventType "tourn"]
[EventRounds "11"]
[EventCountry "BLR"]
[SourceTitle "EXT 2006"]
[Source "ChessBase"]
[SourceDate "2005.11.24"]
[SourceVersion "1"]
[SourceVersionDate "2005.11.24"]
[SourceQuality "1"]

1. e4 c6 2. d3 d5 3. Nd2 e5 4. Ngf3 Bd6 5. c3 Nf6 6. Be2 0-0 7. 0-0 Nbd7 8. Re1 Re8 9. Qc2 b6 10. Nf1 Bb7 11. Bg5 h6 12. Bh4 c5 13. N3d2 Qc7 14. Ne3 d4 15. Nf5 dxc3 16. bxc3 Bf8 17. a4 Rac8 18. Nc4 a6 19. Rab1 Re6 20. Qa2 Bc6 21. Nce3 b5 22. Nd5 Qb7 23. Nfe3 c4 24. Nxf6+ Nxf6 25. Nxc4 Qc7 26. Ne3 bxa4 27. Nd5 Qa5 28. Bxf6 Bxd5 29. exd5 Rxf6 30. c4 Bc5 31. Bf3 Bd4 32. Re2 Rb6 33. Rxb6 Qxb6 34. g3 Qb3 35. Bg4 Rb8 36. d6 Kf8 37. Kg2 a3 38. f4 f6 39. fxe5 fxe5 40. Rf2+ Bxf2 41. Qxf2+ Kg8 42. Be6+ Kh8 43. Qf7 a2 44. d7 Qb7+ 45. Bd5 Qxd7 46. Qxd7 a1Q 47. Be4 Rb2+ 48. Kh3 Qf1+ 49. Kg4 h5+ 50. Kg5 Qf6+ 51. Kxh5 Rxh2+ 52. Kg4 g6 53. c5 Rh5 54. c6 Rg5+ 55. Kh3 Qf1+ 56. Bg2 Rh5+ 57. Kg4 Qxg2 58. Qe8+ 1/2-1/2

[Event "BLR-ch (Women)"]
[Site "Belarus"]
[Date "2002.05.09"]
[Round "7"]
[White "Romanova, Inna"]
[Black "Martynuk, Tatiana"]
[Result "1/2-1/2"]
[WhiteElo "2244"]
[BlackElo "2178"]
[PlyCount "83"]
[EventDate "2002.??.??"]
[EventType "tourn"]
[EventRounds "11"]
[EventCountry "BLR"]
[SourceTitle "EXT 2004"]
[Source "ChessBase"]
[SourceDate "2003.11.25"]
[SourceVersion "1"]
[SourceVersionDate "2003.11.25"]
[SourceQuality "1"]

1. d4 d5 2. c4 e6 3. Nc3 Be7 4. e3 c6 5. Bd3 Nf6 6. Nf3 0-0 7. 0-0 Nbd7 8. e4 dxe4 9. Nxe4 c5 10. Nxc5 Nxc5 11. dxc5 Bxc5 12. Bg5 h6 13. Bh4 b6 14. Qe2 Bb7 15. Rad1 Qe7 16. Ne5 Rfd8 17. Ng4 Bd4 18. Bb1 Qc5 19. Nxf6+ Bxf6 20. Bxf6 gxf6 21. Rd3 Rxd3 22. Qxd3 Qg5 23. f3 f5 24. Rd1 Bc6 25. b4 Kh7 26. b5 Rg8 27. Qe2 Ba8 28. Bc2 Qf4 29. Rf1 h5 30. Kh1 h4 31. h3 Rg3 32. Rf2 Kg6 33. Rf1 Kh5 34. Be4 Rg8 35. Bxa8 Rxa8 36. Qd3 Rc8 37. Qd7 Rc7 38. Qe8 Qxc4 39. Qh8+ Kg6 40. Qg8+ Kf6 41. Qd8+ Kg6 42. Qg8+ 1/2-1/2

[Event "BLR-ch (Women)"]
[Site "Belarus"]
[Date "2002.05.07"]
[Round "5"]
[White "Gerasimovitch, Olga"]
[Black "Martynuk, Tatiana"]
[Result "1/2-1/2"]
[WhiteElo "2153"]
[BlackElo "2178"]
[PlyCount "99"]
[EventDate "2002.??.??"]
[EventType "tourn"]
[EventRounds "11"]
[EventCountry "BLR"]
[SourceTitle "EXT 2004"]
[Source "ChessBase"]
[SourceDate "2003.11.25"]
[SourceVersion "1"]
[SourceVersionDate "2003.11.25"]
[SourceQuality "1"]

1. Nf3 g6 2. g3 Bg7 3. d4 d6 4. Bg2 Nf6 5. b3 0-0 6. Bb2 c6 7. 0-0 Nbd7 8. Nbd2 Re8 9. c4 e5 10. e4 h5 11. Re1 Nh7 12. Qc2 Ndf8 13. c5 exd4 14. Bxd4 Bxd4 15. Nxd4 dxc5 16. Qxc5 Ng5 17. N4f3 Nh3+ 18. Kh1 Nd7 19. Qe3 Nf6 20. Rf1 b6 21. Rae1 a5 22. e5 c5 23. Nc4 Bf5 24. Nd6 Qd7 25. Nxe8 Rxe8 26. Qd2 Nd5 27. Nh4 Be6 28. Rd1 Rd8 29. Qh6 Qe8 30. Nf3 Bg4 31. Rde1 Nb4 32. Ng5 Nxg5 33. Qxg5 Nxa2 34. h3 Bf5 35. g4 hxg4 36. hxg4 Bd3 37. Rg1 Nc3 38. Bf3 Rd4 39. Kg2 Ne4 40. Bxe4 Bxe4+ 41. f3 Bb7 42. Rh1 Qd7 43. Kg3 Rd3 44. Re3 Bxf3 45. Rhe1 Bb7 46. Rxd3 Qxd3+ 47. Re3 Qd2 48. e6 Qg2+ 49. Kh4 Qf2+ 50. Rg3 1/2-1/2

[Event "BLR-ch (Women)"]
[Site "Belarus"]
[Date "2002.??.??"]
[Round "10"]
[White "Martynuk, Tatiana"]
[Black "Lagvilava, Genrieta"]
[Result "1/2-1/2"]
[WhiteElo "2178"]
[BlackElo "2284"]
[PlyCount "95"]
[EventDate "2002.??.??"]
[EventType "tourn"]
[EventRounds "11"]
[EventCountry "BLR"]
[SourceTitle "EXT 2004"]
[Source "ChessBase"]
[SourceDate "2003.11.25"]
[SourceVersion "1"]
[SourceVersionDate "2003.11.25"]
[SourceQuality "1"]

1. e4 c6 2. d4 d5 3. exd5 cxd5 4. Bd3 Nc6 5. c3 Nf6 6. Nf3 Bg4 7. 0-0 e6 8. h3 Bxf3 9. Qxf3 Be7 10. Qg3 0-0 11. Bh6 Ne8 12. Bf4 Bd6 13. Re1 Bxf4 14. Qxf4 Qd6 15. Qh4 f5 16. Na3 a6 17. Rad1 b5 18. Nc2 Nf6 19. Ne3 Ne7 20. Nf1 Ng6 21. Qg5 Ne4 22. Bxe4 fxe4 23. Nh2 Rf5 24. Qg3 Qxg3 25. fxg3 Raf8 26. Rd2 Ne7 27. Ng4 Rg5 28. Rf2 Rxf2 29. Kxf2 Nf5 30. a4 h5 31. axb5 axb5 32. Ne3 Nxg3 33. Ra1 h4 34. Ra8+ Kf7 35. Rb8 Rg6 36. Rxb5 Rf6+ 37. Ke1 Nh5 38. c4 Nf4 39. cxd5 exd5 40. Kd2 Rg6 41. b4 Nxg2 42. Rxd5 Nf4 43. Re5 Rb6 44. Rxe4 g5 45. Nf5 Rxb4 46. Nxh4 Rb3 47. Nf5 Rxh3 48. Ne3 1/2-1/2